England's World Cup Quiz #3 - Statistics

General Stats
  • This quiz has been taken 15 times
  • The average score is 9 of 15
Answer Stats
Question Answer % Correct
Which England goalkeeper should've punched off Diego Maradona's head when the Argentine cheated England in the 'Hand of God' goal? Peter Shilton
100%
Where did England finish in the 1990 World Cup? 4th place/Semi Finals
92%
Which team hammered the so called England 'Golden Generation' 4-1 at the 2010 World Cup Germany
85%
Against which team did England lose 2-1 in the 2002 World Cup Quarter Final? Brazil
77%
Who captained England at the 1966 World Cup? Bobby Moore
69%
Who was England's 2nd Round opponents in the 2014 World Cup? Knocked out at the Group Stage
69%
Who did England win 2-0 against in the 2018 World Cup Quarter Finals? Sweden
69%
How many World Cup goals has Gary Lineker scored? 10
62%
At the 2018 World Cup, who did England play 2 matches against? Belgium
62%
How many World Cup goals did Bobby Charlton score? 4
46%
At the 1990 World Cup, what was Paul Gascoigne's squad number? 19
38%
How many World Cup tournaments has England played in and not lost a match in 90/120 minutes? 3
31%
Which England player assisted Geoff Hurst hat trick goal in 1966 World Cup Final 4-2 victory over West Germany? Bobby Moore
31%
Who captained England at the 1998 World Cup? Alan Shearer
23%
What was the score in England's first 1986 World Cup Group Stage Match? Portugal 0-1
23%
No matching quizzes found
Score Distribution
Percent of People with Each Score
Percentile by Number Answered
Your Score History
You have not taken this quiz